エクスポート完了 — 

 Insulation handbook

שמור ב:
מידע ביבליוגרפי
מחבר ראשי:  Bynum, Richard T
פורמט: Sách
שפה:Undetermined
יצא לאור:  McGraw-Hill  2001
נושאים:
תגים: הוספת תג
אין תגיות, היה/י הראשונ/ה לתייג את הרשומה!
Thư viện lưu trữ: Trung tâm Thư viện - Trường Đại học Công nghiệp TP. Hồ Chí Minh
LEADER 00504nam a2200157Ia 4500
001 UIH_05311
008 231011s9999 xx 000 0 und d
082 |a  693.832 
100 |a  Bynum, Richard T 
245 0 |a  Insulation handbook 
245 0 |c  Bynum, Richard T 
260 |b  McGraw-Hill 
260 |c  2001 
650 |a  Insulation (Heat); Dwellings; Buildings; Cách nhiệt;  
927 |a Sách 
980 |a Trung tâm Thư viện - Trường Đại học Công nghiệp TP. Hồ Chí Minh